LEADER 00888nam0-22003011i-450- 001 990003104140403321 010 $a92-64-22446-3 035 $a000310414 035 $aFED01000310414 035 $a(Aleph)000310414FED01 035 $a000310414 100 $a20000920d1983----km-y0itay50------ba 101 0 $aita 102 $aIT 200 1 $a<>interdépendance économique mondiale et l'évolution des relations nord-sud$fOCDE. 210 $aParis$cOCDE$d1983. 215 $a89 p.$d24 cm 676 $aF/3.2 676 $aO/1.24 712 2$aOrganizzazione per la cooperazione e lo sviluppo economico 801 0$aIT$bUNINA$gRICA$2UNIMARC 901 $aBK 912 $a990003104140403321 952 $aO/1.24 INT$b1120$fSES 959 $aSES 996 $aInterdépendance économique mondiale et l'évolution des relations nord-sud$9461789 997 $aUNINA DB $aING01 LEADER 01479nam 2200385 a 450 001 9910701995703321 005 20120703151036.0 035 $a(CKB)5470000002422157 035 $a(OCoLC)798147771 035 $a(EXLCZ)995470000002422157 100 $a20120703d2012 ua 0 101 0 $aeng 135 $aurbn||||||||| 181 $ctxt$2rdacontent 182 $cc$2rdamedia 183 $acr$2rdacarrier 200 10$aCultural property$b[electronic resource] $eagreement between the United States of America and Lithuania, signed at Vilnius, October 15, 2002 210 1$a[Washington, D.C.] :$cU.S. Dept. of State,$d[2012?] 215 $a1 online resource (9 unnumbered pages) 225 1 $aTreaties and other international acts series ;$v06-803 300 $aTitle from title screen (viewed on July 3, 2012). 517 $aCultural property 606 $aCultural property$xProtection$xLaw and legislation$zUnited States 606 $aCultural property$xProtection$xLaw and legislation$zLithuania 606 $aHistoric preservation$xInternational cooperation 615 0$aCultural property$xProtection$xLaw and legislation 615 0$aCultural property$xProtection$xLaw and legislation 615 0$aHistoric preservation$xInternational cooperation. 712 02$aUnited States.$bDepartment of State. 801 0$bGPO 801 1$bGPO 906 $aBOOK 912 $a9910701995703321 996 $aCultural property$93439492 997 $aUNINA